| 000 | 00946cam a2200277 i 4500 | ||
|---|---|---|---|
| 001 | 17615194 | ||
| 005 | 20141117105518.0 | ||
| 008 | 130205t2012 xxua frb 001 0 eng d | ||
| 010 | _a2012471303 | ||
| 020 | _a9781437717532 (hardback) | ||
| 020 | _a9780808924494 (International edition) | ||
| 040 |
_aDLC _beng _cDLC _dEG-ScBUE |
||
| 082 | 0 | 0 |
_a612 _222 _bBOR |
| 100 | 1 |
_aBoron, Walter F. _936550 |
|
| 245 | 1 | 0 |
_aMedical physiology : _ba cellular and molecular approach / _cWalter F. Boron, Emile L. Boulpaep. |
| 250 | _aUpdated 2nd ed. | ||
| 260 |
_aPhiladelphia, United States : _bSaunders Elsevier, _cc.2012. |
||
| 300 |
_axii, 1337 p. : _bill. (col.) ; _c29 cm. |
||
| 500 | _aIndex : p. 1293-1337. | ||
| 504 | _aIncludes bibliographical references. | ||
| 650 | 0 |
_aHuman physiology _vTextbooks _936551 |
|
| 653 |
_bPPhrm _cNovember2014 |
||
| 655 |
_vreading book _934232 |
||
| 700 | 1 |
_aBoulpaep, Emile L. _936552 |
|
| 942 |
_2ddc _k612 BOR |
||
| 999 |
_c18627 _d18599 |
||